| 000 | 00406cam a22001454a 4500 | ||
|---|---|---|---|
| 020 | _a9788126511389 | ||
| 082 | 0 | 0 |
_a550.066 _bBER/GE |
| 100 | 1 | _aBernhardsen, Tor. | |
| 245 | 1 | 0 | _aGeographic information systems : An introduction |
| 250 | _a3rd ed. Indian | ||
| 260 |
_aNew Delhi _bWiley India _cc2002. |
||
| 300 |
_axiii, 428 p. : _bill., maps ; |
||
| 650 | 0 | _aGeographic information systems. | |
| 942 | _cBK | ||
| 999 |
_c13641 _d13641 |
||